[Event "AUTO-OPEN-3369"]
[Site "http://www.queenalice.com/game.php?id=1318231"]
[Date "2014.10.27"]
[Round "1"]
[White "eu555"]
[Black "SAMOEL"]
[Result "0-1"]
[WhiteElo "1439"]
[BlackElo "1911"]

1. d4 d5 2. e3 e6 3. Nf3 c5 4. dxc5 Bxc5 5. Be2 Nf6 6. O-O O-O 7. h3 Qd6 8. Nh2
Bb6 9. f4 e5 10. fxe5 Qxe5 11. Nf3 Qg3 0-1

[Event "AUTO-INT-2949"]
[Site "http://www.queenalice.com/game.php?id=1336987"]
[Date "2015.1.25"]
[Round "1"]
[White "pacou93"]
[Black "eu555"]
[Result "1/2-1/2"]
[WhiteElo "1907"]
[BlackElo "1423"]

1. e4 e5 2. Nf3 d6 3. d4 Be7 4. dxe5 dxe5 5. Qxd8+ Bxd8 6. Nxe5 Nf6 7. Nc3 c6 8.
Bc4 O-O 9. O-O Nbd7 10. Nxd7 Bxd7 11. Bf4 Bb6 12. Rad1 Be6 13. Bxe6 fxe6 14. Rd6
Bc7 15. Rxe6 Bxf4 16. Rd1 Rad8 17. g3 Rxd1+ 18. Nxd1 Bh6 19. Nc3 Rd8 20. e5 Nd5
21. Ne4 1/2-1/2

[Event "AUTO-INT-2949"]
[Site "http://www.queenalice.com/game.php?id=1336988"]
[Date "2015.1.25"]
[Round "1"]
[White "eu555"]
[Black "pacou93"]
[Result "0-1"]
[WhiteElo "1437"]
[BlackElo "1904"]

1. e4 e5 2. Nf3 Nc6 3. d3 Nf6 4. Be2 d5 5. exd5 Nxd5 6. h3 Bc5 7. O-O O-O 8. Nh2
Qf6 9. Bg4 Nd4 10. Bxc8 Raxc8 11. Na3 Bxa3 12. bxa3 Qg6 13. c3 Nxc3 14. Qd2
Nce2+ 15. Kh1 c5 16. Bb2 f5 17. Bxd4 Nxd4 18. f3 b6 19. Rf2 h6 20. Nf1 e4 21.
dxe4 fxe4 0-1

[Event "AUTO-INT-2949"]
[Site "http://www.queenalice.com/game.php?id=1337002"]
[Date "2015.1.25"]
[Round "1"]
[White "manucies"]
[Black "eu555"]
[Result "1-0"]
[WhiteElo "1739"]
[BlackElo "1431"]

1. e4 e5 2. Nf3 d6 3. Nc3 c6 4. d4 Be7 5. dxe5 dxe5 6. Qxd8+ Bxd8 7. Nxe5 Nf6 8.
Bc4 O-O 9. O-O Be6 10. Bxe6 fxe6 11. f3 Bb6+ 12. Kh1 Nbd7 13. Nxd7 Nxd7 14. f4
Rad8 15. Rd1 Nf6 16. Rxd8 Rxd8 17. e5 Ba5 18. exf6 gxf6 19. Be3 Bxc3 20. bxc3 b6
21. g4 h6 22. f5 exf5 23. gxf5 Rd5 24. Bxh6 1-0

[Event "AUTO-INT-2949"]
[Site "http://www.queenalice.com/game.php?id=1337003"]
[Date "2015.1.25"]
[Round "1"]
[White "eu555"]
[Black "manucies"]
[Result "0-1"]
[WhiteElo "1435"]
[BlackElo "1735"]

1. d4 d5 2. e3 e6 3. Nf3 Nc6 4. Be2 Nf6 5. O-O Bd6 6. h3 O-O 7. Nh2 Bxh2+ 8.
Kxh2 Qd6+ 9. f4 Ne4 10. Qe1 Qe7 11. Nd2 Nxd2 12. Bxd2 b6 13. a3 a5 14. b3 Ba6
15. Bxa6 Rxa6 16. Rf2 g6 17. Qe2 Raa8 18. Rff1 f5 19. Be1 h6 20. c3 h5 21. Bh4
Qxh4 22. Qb5 Ne7 23. Rf3 Qf6 0-1

[Event "AUTO-INT-2949"]
[Site "http://www.queenalice.com/game.php?id=1337012"]
[Date "2015.1.25"]
[Round "1"]
[White "eu555"]
[Black "pssservicos"]
[Result "0-1"]
[WhiteElo "1427"]
[BlackElo "1588"]

1. Nf3 Nf6 2. d4 d5 3. e3 Bg4 4. Be2 Bxf3 5. Bxf3 e6 6. O-O Bd6 7. h3 O-O 8. Nc3
Bb4 9. Bd2 Bxc3 10. Bxc3 b5 11. a3 a5 12. Bd2 Nc6 13. b3 b4 14. axb4 axb4 15.
Rxa8 Qxa8 16. Qa1 Qxa1 17. Rxa1 g5 18. g4 h6 19. Ra4 Kg7 20. Ra6 Ne7 21. Bxb4
Re8 22. Bxe7 Rxe7 23. c4 dxc4 24. bxc4 Kg6 0-1

[Event "AUTO-INT-2949"]
[Site "http://www.queenalice.com/game.php?id=1337013"]
[Date "2015.1.25"]
[Round "1"]
[White "pssservicos"]
[Black "eu555"]
[Result "1-0"]
[WhiteElo "1598"]
[BlackElo "1417"]

1. e4 e5 2. Nf3 d6 3. Bc4 h6 4. O-O Nf6 5. d3 Be7 6. Nc3 c6 7. b4 O-O 8. a4 a6
9. Bb2 Nh7 10. b5 cxb5 11. axb5 a5 12. Nd5 Be6 13. Ne3 Bxc4 14. Nxc4 b6 15. d4
exd4 16. Qxd4 Bf6 17. e5 dxe5 18. Qxd8 Bxd8 19. Nfxe5 Bf6 20. Nxb6 Ra7 21. Rae1
Bxe5 22. Rxe5 Rb7 23. Nc4 Nf6 24. Nd6 Rd7 25. Ba3 1-0

[Event "AUTO-INT-3007"]
[Site "http://www.queenalice.com/game.php?id=1363953"]
[Date "2015.6.6"]
[Round "1"]
[White "Cesar"]
[Black "eu555"]
[Result "1-0"]
[WhiteElo "1889"]
[BlackElo "1396"]

1. e4 e5 2. Nf3 d6 3. Bc4 h6 4. Nc3 c6 5. a3 Nf6 6. d3 Be7 7. O-O O-O 8. h3 Nh7
9. Be3 Be6 10. Bxe6 fxe6 11. Nh2 Bg5 12. Qd2 Bxe3 13. Qxe3 c5 14. Ne2 Qg5 15.
Qg3 Qxg3 16. Nxg3 Nc6 17. c3 a6 18. b3 b6 19. Ne2 a5 20. a4 Rf7 21. f3 Raf8 22.
Kh1 Ne7 23. Rab1 Ng6 24. Rb2 Nf4 25. Rd1 1-0

[Event "AUTO-INT-3007"]
[Site "http://www.queenalice.com/game.php?id=1363954"]
[Date "2015.6.6"]
[Round "1"]
[White "eu555"]
[Black "Cesar"]
[Result "0-1"]
[WhiteElo "1402"]
[BlackElo "1932"]

1. g3 c5 2. Bg2 d6 3. Nf3 Nf6 4. O-O g6 5. e3 Bg7 6. d3 O-O 7. c4 Nc6 8. Nc3 e5
9. e4 b6 10. Nd5 Nxd5 11. cxd5 Ne7 12. h3 Bd7 13. g4 Kh8 14. Be3 Ng8 15. Rb1 a6
16. b3 f6 17. a4 b5 18. axb5 axb5 19. Ra1 Rb8 0-1

[Event "AUTO-INT-3007"]
[Site "http://www.queenalice.com/game.php?id=1363967"]
[Date "2015.6.6"]
[Round "1"]
[White "bdpq"]
[Black "eu555"]
[Result "1-0"]
[WhiteElo "1709"]
[BlackElo "1368"]

1. e4 e5 2. d4 Nc6 3. Bb5 a6 4. Bxc6 bxc6 5. dxe5 g6 6. Qd4 Bg7 7. Ne2 Ne7 8.
Nbc3 O-O 9. O-O d6 10. Bf4 dxe5 11. Qxd8 Rxd8 12. Bg3 Be6 13. a3 Bc4 14. b3 Bxe2
15. Nxe2 Rd2 16. Nc3 1-0

[Event "AUTO-INT-3007"]
[Site "http://www.queenalice.com/game.php?id=1363968"]
[Date "2015.6.6"]
[Round "1"]
[White "eu555"]
[Black "bdpq"]
[Result "0-1"]
[WhiteElo "1371"]
[BlackElo "1706"]

1. Nf3 d5 2. h3 e6 3. e3 Bc5 4. Be2 Nf6 5. O-O O-O 6. Nh2 Ne4 7. Bf3 Nc6 8. Bxe4
dxe4 9. b3 Bd7 10. Ba3 Bxa3 11. Nxa3 Qg5 12. Qg4 f6 13. Qxg5 fxg5 14. c3 Ne5 15.
Nc4 Nxc4 0-1

[Event "AUTO-INT-3007"]
[Site "http://www.queenalice.com/game.php?id=1363975"]
[Date "2015.6.6"]
[Round "1"]
[White "glaubergouveia"]
[Black "eu555"]
[Result "1-0"]
[WhiteElo "1501"]
[BlackElo "1382"]

1. e4 e5 2. Nf3 d6 3. Bc4 h6 4. g3 Nf6 5. h3 Be7 6. g4 Nh7 7. h4 Be6 8. g5 Bxc4
9. d3 Be6 10. Be3 Qd7 11. gxh6 g6 12. Nc3 Nc6 13. a3 O-O-O 14. Ng5 Bxg5 15. Bxg5
Rde8 16. a4 a6 17. f4 exf4 18. Bxf4 Kb8 19. Qf3 Ne7 20. d4 f6 21. d5 1-0

[Event "AUTO-INT-3007"]
[Site "http://www.queenalice.com/game.php?id=1363976"]
[Date "2015.6.6"]
[Round "1"]
[White "eu555"]
[Black "glaubergouveia"]
[Result "0-1"]
[WhiteElo "1394"]
[BlackElo "1489"]

1. e4 e5 2. d3 Qf6 3. Qf3 Be7 4. Qxf6 Bxf6 5. h3 Ne7 6. Nf3 d6 7. Be2 Be6 8. O-O
d5 9. exd5 Bxd5 10. Nh2 O-O 11. Bf3 Bxf3 12. Nxf3 Nbc6 13. c3 Ng6 14. Nh2 Nf4
15. Bxf4 exf4 16. f3 h5 17. Nd2 Ne5 18. d4 Nd3 19. Rab1 c5 20. dxc5 Nxc5 21. Ne4
Nxe4 0-1